书目信息 |
| 题名: |
信号与系统
|
|
| 作者: | 徐亚宁 , 苏启常 编著 | |
| 分册: | ||
| 出版信息: | 北京 电子工业出版社 2007.02 |
|
| 页数: | 318页 | |
| 开本: | 26cm | |
| 丛书名: | ||
| 单 册: | ||
| 中图分类: | TN911.6 | |
| 科图分类: | ||
| 主题词: | 信号系统--xin hao xi tong--高等学校--教材 | |
| 电子资源: | ||
| ISBN: | 978-7-121-03781-8 | |
| 000 | 00977nam0 2200265 450 | |
| 001 | 012007047249 | |
| 005 | 20071010161643.59 | |
| 010 | @a978-7-121-03781-8@dCNY27.00 | |
| 100 | @a20070812d2007 km y0chiy0120 ea | |
| 101 | 0 | @achi |
| 102 | @aCN@b110000 | |
| 105 | @aa a 000yy | |
| 200 | 1 | @a信号与系统@Axin hao yu xi tong@f徐亚宁, 苏启常编著@Fxu ya ning,su qi chang bian zhu |
| 205 | @a第2版 | |
| 210 | @a北京@c电子工业出版社@d2007.02 | |
| 215 | @a318页@c图@d26cm | |
| 300 | @a高等学校教材 | |
| 320 | @a有书目 (第318页)。 | |
| 330 | @a本书讨论了信号与系统分析的基本理论、基本分析方法及其应用。全书共分11章,主要讲述了线性系统的基本理论、信号与系统的基本概念、线性时不变系统、连续与离散信号的傅里叶表示、傅里叶变换以及时域和频域系统的分析方法等内容。 | |
| 606 | 0 | @a信号系统@Axin hao xi tong@x高等学校@j教材 |
| 690 | @aTN911.6@v4 | |
| 701 | 0 | @a徐亚宁@Axu ya ning@4编著 |
| 701 | 0 | @a苏启常@Asu qi chang@4编著 |
| 801 | 0 | @aCN@c20071010 |
| 905 | @dTN911.6@eX834 | |
| 信号与系统/徐亚宁, 苏启常编著.-第2版.-北京:电子工业出版社,2007.02 |
| 318页:图;26cm |
| 高等学校教材 |
| ISBN 978-7-121-03781-8:CNY27.00 |
| 本书讨论了信号与系统分析的基本理论、基本分析方法及其应用。全书共分11章,主要讲述了线性系统的基本理论、信号与系统的基本概念、线性时不变系统、连续与离散信号的傅里叶表示、傅里叶变换以及时域和频域系统的分析方法等内容。 |
| ● |
| 相关链接 |
|
|
|
正题名:信号与系统
索取号:TN911.6/X834
 
预约/预借
| 序号 | 登录号 | 条形码 | 馆藏地/架位号 | 状态 | 备注 |
| 1 | 253431 | 202534310 | 自科库301/301自科库 34排4列5层/ [索取号:TN911.6/X834] | 在馆 | |
| 2 | 253432 | 202534329 | 自科库301/301自科库 34排4列5层/ [索取号:TN911.6/X834] | 在馆 |